000 00715nam0a22002411 4500
001 rc\2722644
005 20250529130836.0
035 _a(NLR Aleph) 006850256
090 _a6738946
_c6738946
100 _a20110915d1938 |||y0rusy50 ca
101 0 _arus
102 _aRU
105 _aa j |||||
200 1 _aАзбука радиотехники
205 _a2-е изд., доп. и перераб.
210 _aМосква
_cРадиоиздат
_d1938
_gТип. им. Сталина
215 _a192 с.
_cил.
_d22 см.
700 1 _aКин
_bС.Э.
_gСемен Эммануилович
801 0 _aRU
_bNLR
_gpsbo
801 1 _aRU
_bELAR
_2rusmarc
852 _aNLR
_j38-3/293
942 _cBOOK
980 _aNB